Valencia CF Squad 2014-2015 - Statistics

General Stats
  • This quiz has been taken 22 times
  • The average score is 13 of 24
Answer Stats
# Position Nation Player % Correct
1 GK Brazil Diego Alves
93%
5 DF Germany Shkodran Mustafi
93%
8 FW Algeria Sofiane Feghouli
86%
10 MF Spain Dani Parejo
79%
15 MF Argentina Enzo Pérez
79%
2 DF Portugal João Cancelo
79%
23 DF Argentina Nicolás Otamendi
71%
7 FW Spain Álvaro Negredo
64%
- Coach Portugal Nuno Espírito Santo
64%
11 FW Argentina Pablo Piatti
64%
31 DF Spain José Luis Gayà
57%
9 FW Spain Paco Alcácer
57%
20 MF Argentina Rodrigo de Paul
57%
21 MF Portugal André Gomes
50%
19 DF Spain Antonio Barragán
43%
18 MF Spain Javi Fuego
43%
6 DF Argentina Lucas Orbán
43%
17 FW Spain Rodrigo Moreno
43%
3 DF Portugal Rúben Vezo
29%
13 GK Spain Yoel Rodríguez
29%
16 MF Argentina Bruno Zuculini
21%
22 MF Spain Carles Gil
21%
4 MF Brazil Filipe Augusto
14%
27 FW Spain Rober Ibáñez
7%
No matching quizzes found
Score Distribution
Percent of People with Each Score
Percentile by Number Answered
Your Score History
You have not taken this quiz